LEADER 01488nas 2200433 a 450 001 996214861803316 005 20240618142434.0 011 $a1873-1562 035 $a(OCoLC)39098441 035 $a(CKB)954925531956 035 $a(CONSER) 2003233981 035 $a(DE-599)ZDB1466567-0 035 $a(EXLCZ)99954925531956 100 $a19980511a19679999 sy a 101 0 $aeng 135 $aurmnu||||| 200 10$aNuclear physics$hB$iParticle physics 210 $aAmsterdam ;$aNew York $cNorth-Holland 300 $aIncludes section called: Field theory and statistical systems. 300 $aRefereed/Peer-reviewed 311 $a0550-3213 330 $a"Journal devoted the experimental and theoretical study of the fundamental constituents of matter and their interactions." 606 $aNuclear physics$vPeriodicals 606 $aPhysique nucle?aire$xPe?riodiques 606 $aFísica nuclear$vRevistes$2lemac 606 $aPartícules (Física nuclear)$vRevistes$2lemac 606 $aCamps, Teoria dels (Física)$vRevistes$2lemac 606 $aFísica nuclear$2thub 608 $aRevistes electròniques.$2thub 615 0$aNuclear physics 615 6$aPhysique nucle?aire$xPe?riodiques. 615 7$aFísica nuclear 615 7$aPartícules (Física nuclear) 615 7$aCamps, Teoria dels (Física) 615 7$aFísica nuclear. 906 $aJOURNAL 912 $a996214861803316 996 $aNuclear physics$9339176 997 $aUNISA